|
|
|
|
| LEADER |
01291nam a2200349 a 4500 |
| 001 |
000753435 |
| 003 |
CZ BrMZK |
| 005 |
20130525204749.0 |
| 007 |
ta |
| 008 |
041203s2004 xr er 000 f cze d |
| 015 |
|
|
|a cnb001411695
|
| 020 |
|
|
|a 80-7341-301-9
|q (váz.)
|z 80-7257-301-9 :
|c Kč 199,00
|
| 040 |
|
|
|a OLA001
|b cze
|d BOA001
|
| 041 |
1 |
|
|a cze
|h eng
|
| 072 |
|
7 |
|a 821.111-3
|x Anglická próza, anglicky psaná
|2 Konspekt
|9 25
|
| 080 |
|
|
|a 821.111-31
|2 MRF
|
| 080 |
|
|
|a (0:82-31)
|2 MRF
|
| 100 |
1 |
|
|a Elton, Ben,
|d 1959-
|7 xx0000390
|4 aut
|
| 245 |
1 |
0 |
|a Lepší společnost /
|c Ben Elton ; přeložila Eva Poskočilová
|
| 250 |
|
|
|a 1. vyd. v českém jazyce
|
| 260 |
|
|
|a Praha :
|b BB art,
|c 2004
|
| 300 |
|
|
|a 303 s. ;
|c 22 cm
|
| 500 |
|
|
|a Překlad z angličtiny
|
| 500 |
|
|
|a Dostupné též v digitální podobě v aplikaci Kramerius
|
| 655 |
|
7 |
|a anglické romány
|7 fd131814
|2 czenas
|
| 700 |
1 |
|
|a Poskočilová, Eva
|7 jn20001227385
|4 trl
|
| 765 |
0 |
|
|t High society
|9 Česky
|
| 856 |
4 |
1 |
|u http://www.digitalniknihovna.cz/mzk/uuid/uuid:eceb7160-c0a4-11e4-9541-005056827e51
|y Digitalizovaný dokument
|x NDK
|
| 910 |
|
|
|a BOA001
|b 2-1144.088
|
| 990 |
|
|
|a BK
|
| 991 |
|
|
|b 200501
|c NOV
|
| 996 |
6 |
|
|b 2610235880
|c 2-1144.088
|l MZK
|r Sklad / do 1 hodiny
|n 0
|p p.v.
|w 000753435
|u 000010
|a 1
|e BOA001
|j MZK50
|s P
|